000 00873cam a2200301Mi 4500
001 87604
005 20230411090045.0
008 090216s2009 sp 000 0 spa d
035 _a(OCoLC)ocn309004423
040 _aC3L
_cC3L
_dPL#
020 _a9788497685856
020 _a8497685857
029 0 _aC3L
_b60667345
029 1 _aPL#
_b090006593
035 _a(OCoLC)309004423
045 _ax4x-
082 1 4 _a340
_221
049 _aGRAL
100 1 _aEsteve Pardo, José.
245 1 3 _aEl desconcierto del Leviatán :
_bpolítica y derecho ante las incertidumbres de la ciencia /
_cJosé Esteve Pardo.
260 _aMadrid :
_bMarcial Pons,
_c2009.
300 _a211 p. ;
_c24 cm.
938 _aCasalini Libri
_bCASA
_n60667345
_c22.00 EUR
938 _aPuvill Libros
_bPUVL
_n9788497685856
_c$59.94
942 _2lcc
_cbk
994 _aC0
_bDRFGD
946 _aJP
999 _c111733
_d111733